000 00505nam a2200157Ia 4500
008 240126s9999 xx 000 0 und d
041 _aEnglish
082 _aPRIS07-1249
100 _aMathur, Ayush Jain, Amit Kumar
245 0 _aDiffusion Analysis of DES, AES & BLOWFISH [electronic resource : Project Report]
_bJayashree R
260 _bPESIT, Dept. of IS,
_aBangalore
440 _aNULL
650 _aDiffusion,DES,,AES,BLOWFISH,:,Project,Report]
650 _aInformation Science
942 _cPR
999 _c256805
_d256805